| 000 | 00651cam a2200229 4500500 | ||
|---|---|---|---|
| 005 | 20260329005017.0 | ||
| 041 | _afre | ||
| 042 | _adc | ||
| 100 | 1 | 0 |
_aDegiovanni, Clara _eauthor |
| 245 | 0 | 0 | _aLa baguette a-t-elle un prix ? |
| 260 | _c2022. | ||
| 500 | _a52 | ||
| 690 | _aAlimentation | ||
| 690 | _aBachelard | ||
| 690 | _aNourriture | ||
| 690 | _aPrix | ||
| 690 | _aSavoir-faire | ||
| 690 | _aSupermarché | ||
| 690 | _aVictor Hugo | ||
| 786 | 0 | _nPhilosophie magazine | 157 | 3 | 2022-03-01 | p. 12-12 | 1951-1787 | |
| 856 | 4 | 1 | _uhttps://shs.cairn.info/magazine-philosophie-magazine-2022-3-page-12?lang=fr&redirect-ssocas=7080 |
| 999 |
_c1839436 _d1839436 |
||